000 00678nam a2200229Ia 4500
003 IN-BaIIA
008 211028s9999 xx 000 0 eng d
020 _a0-521-24714-4
040 _cIIA Library
080 _a523.942.33
_bBRA
100 _aBray, R. J.
_94213
245 4 _aThe solar granulation
_cR. J. Bray
250 _a2nd ed.
260 _aCambridge
_bCambridge University Press
_c1984
300 _axvi, 256p.
490 _aCambridge astrophysics series; v. 5
650 _aActive Sun
_95272
650 _aAstronomy and Astrophysics Thesaurus
650 _aSolar Activity
_91424
650 _aSun
_91200
942 _cBK
999 _c8111
_d8111